| 000 | 01227nam a22003134a 4500 | ||
|---|---|---|---|
| 001 | ebr10201347 | ||
| 003 | CaPaEBR | ||
| 006 | m u | ||
| 007 | cr cn||||||||| | ||
| 008 | 060511s2006 njua sb 001 0 eng | ||
| 010 | _z 2006042168 | ||
| 020 | _z9812567089 (alk. paper) | ||
| 040 |
_aCaPaEBR _cCaPaEBR |
||
| 035 | _a(OCoLC)614463899 | ||
| 050 | 1 | 4 |
_aQA295 _b.M86 2006eb |
| 082 | 0 | 4 |
_a515/.26 _222 |
| 245 | 0 | 0 |
_aMultiplicative inequalities of Carlson type and interpolation _h[electronic resource] / _cLeo Larsson ... [et al.]. |
| 260 |
_aNew Jersey : _bWorld Scientific, _cc2006. |
||
| 300 |
_axiv, 201 p. : _bill. |
||
| 504 | _aIncludes bibliographical references (p. 193-197) and index. | ||
| 533 |
_aElectronic reproduction. _bPalo Alto, Calif. : _cebrary, _d2013. _nAvailable via World Wide Web. _nAccess may be limited to ebrary affiliated libraries. |
||
| 650 | 0 | _aInequalities (Mathematics) | |
| 650 | 0 | _aInterpolation. | |
| 650 | 0 | _aNumerical analysis. | |
| 655 | 7 |
_aElectronic books. _2local |
|
| 700 | 1 |
_aLarsson, Leo, _d1972- |
|
| 710 | 2 | _aebrary, Inc. | |
| 856 | 4 | 0 |
_uhttp://site.ebrary.com/lib/rucke/Doc?id=10201347 _zAn electronic book accessible through the World Wide Web; click to view |
| 999 |
_c120057 _d120057 |
||